01618nam a22003977a 4500001000700000003000900007005001700016007000300033008004000036020001800076040003000094082002700124100003900151245008600190260000900276264003300285300004800318336002800366337003500394338003000429490002300459500000600482500004500488500003500533590002600568650003500594650003400629700003200663700004000695910004100735942001200776952013500788952014000923952014001063999001701203000639DO-SdBPM20260303131701.0ta151117b2004 mx a | |||| 00| 0 spa d a9789681907181 aDO-SdBPMbspacBPMSUerda04a853.91bL823c 200822210aLodi, Mario,d1922-4aut. eautor 10aCipi /cMario Lodi ; ilustración Viví Escrivá ; traducción Carmen Santos. c g  aMéxico :bAlfaguara,c2008 a114 páginas : bilustraciones ; c20 cm. atextobtxt2rdacontente asin mediación bn2rdamedia  avolumen bnc2rdacarrier 0 aAlfaguara Infantil a  aIncluye datos biográficos del autor. aApartir de niños de 8 años aInventariado, 2026/VM 7aCuentos infrantiles italianos  7aLiteratura infantil italiana 1 aSantos, Carmen,etraductor 1 aEscrivá, Viví, eilustraciones  aVMateo V. Control de calidad. BPMSU  2ddccBK 00102ddc708CI-GaBPMETbBPMETd2016-11-07eALFAGUARAl0oBPMSU CGI 853.91 L823c 2008pBPMSU16110109r2016-11-07w2016-11-07yBK 00102ddc708CI-GaBPMETbBPMETd2016-11-07eALFAGUARAl0oBPMSU CGI 853.91 L823c 2008pBPMSU16110110r2016-11-07te.2w2016-11-07yBK 00102ddc708CI-GaBPMETbBPMETd2016-11-07eALFAGUARAl0oBPMSU CGI 853.91 L823c 2008pBPMSU16110111r2016-11-07te.3w2016-11-07yBK c11805d11805